000 00365nam a22001337a 4500
020 _a0-07-025534-2
082 _a658.404 HAJ'M
100 _aHAJEK, VICTOR G
_975362
245 _aMANAGEMENT OF ENGINEERING PROJECTS
260 _aNEWYORK
_bMCGRAW HILL
_c1977
300 _a264
650 _aINDUSTRIAL PROJECT MANAGEMENT ENGINEERING MANAGEMENT
_975363
942 _cBK
999 _c580790
_d580790